Statistics for Country Flags without their Coat of Arms

Click here to take the quiz!

General Stats

  • This quiz has been taken 849 times
  • The average score is 21 of 28

Answer Stats

Answer% Correct
Spain
100%
Iran
98%
Mexico
96%
Portugal
90%
Egypt
84%
Vatican City
84%
Serbia
82%
Dominican Republic
79%
Ecuador
79%
Slovakia
78%
Fiji
77%
Slovenia
77%
San Marino
76%
Oman
74%
Haiti
73%
Montenegro
73%
Brunei
71%
El Salvador
71%
Moldova
71%
Nicaragua
71%
Guatemala
68%
Andorra
66%
Equatorial Guinea
60%
Belize
59%
Paraguay
58%
Ethiopia
57%
Croatia
48%
Turkey
42%

Score Distribution

Percentile by Number Answered

Percent of People with Each Score

Your Score History

You have not taken this quiz